People with double-initial names - Statistics

General Stats
  • This quiz has been taken 42 times
  • The average score is 8 of 15
Answer Stats
Initials / clue Name % Correct
SS / 'Basic Instinct' sex symbol Sharon Stone
87%
JJ / Ulysses author James Joyce
84%
BB / French actress, model, singer Brigitte Bardot
79%
DD / 'Robinson Crusoe' author Daniel Defoe
76%
MM / a.k.a. Shrek Mike Myers
74%
RR / 'Deadpool' actor Ryan Reynolds
68%
FF / Spanish dictator Francisco Franco
61%
NN / 'Prince of Tides' actor Nick Nolte
58%
WW / 'Freedooooom!' Willy Wallace
55%
PP / Son of Princess Anne Peter Phillips
50%
CC / No, he's not Hitler Charlie Chaplin
45%
PP / French midfielder Paul Pogba
42%
GG / U.S. painter and jazz pianist George Gerschwin
13%
HH / Failed to conquer England in 1066 Harald Hardrada
13%
AA / Former F1 driver Alex Albon
5%
No matching quizzes found
Score Distribution
Percent of People with Each Score
Percentile by Number Answered
Your Score History
You have not taken this quiz